Dynamical systems in neuroscience : the geometry of excitability and bursting
Αποθηκεύτηκε σε:
| Κύριος συγγραφέας: | |
|---|---|
| Μορφή: | Βιβλίο |
| Γλώσσα: | English |
| Δημοσίευση: |
Cambridge, Mass. ; London :
MIT Press,
2010
|
| Σειρά: | Computational neuroscience
|
| Θέματα: | |
| Ετικέτες: |
Προσθήκη ετικέτας
Δεν υπάρχουν, Καταχωρήστε ετικέτα πρώτοι!
|
MARC
| LEADER | 00000nam a2200000 i 4500 | ||
|---|---|---|---|
| 001 | 1/25124 | ||
| 008 | 130125s2010 eng d | ||
| 020 | |a 978-0-0262-51420-0 | ||
| 035 | |l 10113587 | ||
| 040 | |a GR-MY-UA |b gre |e aacr | ||
| 041 | 0 | |a eng | |
| 082 | 0 | |a 612.8 |2 (22) | |
| 100 | 1 | |a Izhikevich, Eugene M. | |
| 245 | 1 | 0 | |a Dynamical systems in neuroscience : |b the geometry of excitability and bursting / |c Eugene M. Izhikevich |
| 260 | |a Cambridge, Mass. ; London : |b MIT Press, |c 2010 | ||
| 300 | |a xvi, 441 σ.; |b εικ.; |c 27 εκ. | ||
| 490 | 1 | |a Computational neuroscience | |
| 504 | |a Βιβλιογραφία: σ.419-434. Ευρετήριο | ||
| 650 | 0 | 0 | |a Neurology. |
| 650 | 0 | 0 | |a Neurons. |
| 650 | 0 | 0 | |a Differentiable dynamical systems. |
| 650 | 0 | 0 | |a Neurosciences. |
| 650 | 0 | 0 | |a Models, Neurological. |
| 830 | 0 | |a Computational neuroscience | |
| 852 | |a INST |b SAMOS |e 20130125 |h 612.8 IZH |p 005300033565 |q 005300033565 |t BK |y 0 | ||
| 901 | |a BIBL3-2013-1 | ||
| 909 | |a Σ |b 177595 | ||
| 922 | |a 3ΕΛΗ |b 201210 |c ΤΜΗΜΑ ΜΑΘΗΜΑΤΙΚΩΝ |d BEST BOOK HUNTERS | ||
| 970 | |a ΚΟΣΙΕΡΗΣ |b ΧΡΗΣΤΟΣ |z 2013/01/25 | ||